Optimalizácia postupov pri získavaní povolení pre investičnú výstavbu - manažment investičnej výstavby diplomová práca

Uložené v:
Podrobná bibliografia
Hlavný autor: Borošová, Jela
Korporativný autor: Podnikovohospodárska fakulta EU so sídlom v Košiciach. Katedra manažmentu
Ďalší autori: Hanko, Tomáš
Médium: Kniha
Jazyk:Slovak
Vydavateľské údaje: Košice 2010
Tagy: Pridať tag
Žiadne tagy, Buďte prvý, kto otaguje tento záznam!

MARC

LEADER 00000nam$a2200000$$$4500
001 0122321
005 20240318123006.2
041 0 |a slo 
044 |a SK 
245 1 0 |a Optimalizácia postupov pri získavaní povolení pre investičnú výstavbu - manažment investičnej výstavby  |b diplomová práca  |c Jela Borošová ; škol. Tomáš Hanko 
264 1 |a Košice  |c 2010 
300 |a 102 s. 
100 1 |a Borošová, Jela 
700 1 |a Hanko, Tomáš 
710 2 |a Podnikovohospodárska fakulta EU so sídlom v Košiciach. Katedra manažmentu